000 07277cam a2201465 a 4500
999 _c56518
001 13565067
003 LIBRIS
005 20210311154315.0
008 121030s2013 sw a||||||||||001 0|swe|c
020 _a9789174242782
_qinb.
035 _a(Bo)516100
040 _aLGEN
_dL
_dS
_ea
041 _aswe
082 0 4 _a391.009
_223/swe
084 _aIhk
_2kssb/8 (machine generated)
100 1 _aBillgren, Elsa,
_d1986-
_4aut
_0https://libris.kb.se/fcrv2bjz2gh7lgk#it
245 1 0 _aElsa Billgrens vintage /
_ctext & foto Elsa Billgren ; [grafisk form och illustrationer: Lotta Kühlhorn].
264 1 _aStockholm :
_bBonnier fakta,
_c2013
264 3 _aLettland
300 _a142 s.
_bill.
_c25 cm
500 _5Li
_aPliktex.
650 7 _aKläder
_0https://id.kb.se/term/sao/Kl%C3%A4der
_2sao
650 7 _aAccessoarer
_0https://id.kb.se/term/sao/Accessoarer
_2sao
650 0 _aDress accessories
650 0 _aClothing and dress
650 0 _aCostume
653 _aVintagekläder (prel/S)
700 1 _aKühlhorn, Lotta,
_d1963-
_4ill
_0https://libris.kb.se/fcrvz0fz4z0q2jb#it
887 _a{"@id":"k3w0995w31pc88l","modified":"2016-01-12T14:47:18+01:00","checksum":"114512820418"}
_2librisxl
887 _a{"@id":"w17sdp121lt3cxl","modified":"2013-12-17T18:05:07+01:00","checksum":"83806574330"}
_2librisxl
887 _a{"@id":"sx4mlndz495h31g","modified":"2013-05-06T12:54:20+02:00","checksum":"50240236902"}
_2librisxl
887 _a{"@id":"v06pdvz10dgmfgr","modified":"2013-04-24T14:51:49+02:00","checksum":"48783997277"}
_2librisxl
887 _a{"@id":"15c0gh760cmdx3p","modified":"2014-04-01T12:19:04+02:00","checksum":"44673819543"}
_2librisxl
887 _a{"@id":"7ck182td179jhl2","modified":"2013-01-24T17:31:05+01:00","checksum":"49534359559"}
_2librisxl
887 _a{"@id":"jnvczbbp3cwzjv3","modified":"2013-04-17T10:20:19+02:00","checksum":"76428469336"}
_2librisxl
887 _a{"@id":"59h0fn3b0r21jnc","modified":"2013-03-12T11:35:45+01:00","checksum":"46773126183"}
_2librisxl
887 _a{"@id":"kpwd3j2q1w4h55j","modified":"2013-04-24T13:55:49+02:00","checksum":"50662609372"}
_2librisxl
887 _a{"@id":"qv2l0szw37vm4d7","modified":"2013-07-18T20:19:24+02:00","checksum":"47478286637"}
_2librisxl
887 _a{"@id":"jnvbkcfp298gcp4","modified":"2013-01-24T18:23:18+01:00","checksum":"45068670545"}
_2librisxl
887 _a{"@id":"chp69gtj06bw9vr","modified":"2013-05-15T16:17:51+02:00","checksum":"85834600318"}
_2librisxl
887 _a{"@id":"8dl3v4vf1tm13fp","modified":"2016-03-07T10:21:33+01:00","checksum":"77453698154"}
_2librisxl
887 _a{"@id":"8dl22tcf5r3lpg1","modified":"2013-01-17T15:24:10+01:00","checksum":"48625674191"}
_2librisxl
887 _a{"@id":"6bj08lfc3f5kvds","modified":"2013-12-10T19:23:16+01:00","checksum":"54931602095"}
_2librisxl
887 _a{"@id":"bgn5mpsh1clq8td","modified":"2013-03-18T14:22:47+01:00","checksum":"54633321862"}
_2librisxl
887 _a{"@id":"lqxfv7qr57rc98v","modified":"2013-03-13T10:51:06+01:00","checksum":"140047331894"}
_2librisxl
887 _a{"@id":"chp6s9dj2z4ls45","modified":"2013-04-18T11:59:10+02:00","checksum":"70741087417"}
_2librisxl
887 _a{"@id":"w182lp825jcjvn4","modified":"2015-06-22T10:53:43+02:00","checksum":"48883772751"}
_2librisxl
887 _a{"@id":"59hzlt4b1lsvxqd","modified":"2013-05-22T19:08:57+02:00","checksum":"48064942963"}
_2librisxl
887 _a{"@id":"48gzjxl92nzpjn2","modified":"2013-04-10T15:14:25+02:00","checksum":"78156881883"}
_2librisxl
887 _a{"@id":"gls9r0xm59xxb57","modified":"2013-03-19T08:09:13+01:00","checksum":"79946298816"}
_2librisxl
887 _a{"@id":"w17q68h249293jw","modified":"2013-03-18T14:33:12+01:00","checksum":"59682998916"}
_2librisxl
887 _a{"@id":"59hz657b4zk7vw9","modified":"2013-01-25T17:29:28+01:00","checksum":"54995022980"}
_2librisxl
887 _a{"@id":"x28v8n3305wm5fb","modified":"2014-02-06T12:07:06+01:00","checksum":"61046561945"}
_2librisxl
887 _a{"@id":"15cvgrl60q9sqqn","modified":"2013-04-16T13:48:51+02:00","checksum":"56565674263"}
_2librisxl
887 _a{"@id":"x28qv5034l9mh3m","modified":"2013-04-23T12:14:53+02:00","checksum":"80650589262"}
_2librisxl
887 _a{"@id":"37fz75g840zh3n4","modified":"2013-10-31T13:51:37+01:00","checksum":"143868491096"}
_2librisxl
887 _a{"@id":"ns0h53ft2d3mv8k","modified":"2013-08-01T10:41:47+02:00","checksum":"54985769158"}
_2librisxl
887 _a{"@id":"tz5n93c03mwt2qr","modified":"2013-04-19T15:31:42+02:00","checksum":"71030567109"}
_2librisxl
942 _2z
_cBOOK